Statistics for Finish the lyrics Hamilton #1

Click here to take the quiz!

General Stats

  • This quiz has been taken 82 times
    (63 since last reset)
  • The average score is 46 of 60

Answer Stats

HintAnswer% Correct
Got _ ___ farther by working a lot hardera lot
98%
The ten-dollar founding ______ without a fatherfather
98%
How does a bastard, _____, son of a whoreorphan
98%
By being a lot ______smarter
96%
__________ ________Alexander Hamilton
94%
But ____ you wait, just you waitJust
94%
And ___ got better but his mother went quickAlex
93%
Put a pencil to his temple, connected it to his _____brain
93%
By fourteen, they placed him in ______ of a trading chartercharge
93%
Moved in with a ____, the ____ committed suicidecousin
93%
My name is Alexander _______Hamilton
93%
Alexander _______Hamilton
93%
Well, the word got around, they said, this kid is _____, maninsane
93%
The bow of a ship headed for the new ____land
93%
Took up a collection just to ____ him to the mainlandsend
93%
And there's a ______ things I haven't doneMillion
91%
By being a ____-starterself
91%
_____ your name, man?What's
91%
And a Scotsman, ______ in the middle of a forgotten spotdropped
89%
And the world is _____ know your namegonna
89%
In squalor, ____ up to be a hero and a scholar?grow
89%
Inside, he was longing for _________ to be a part ofsomething
87%
The brother was ready to ___, steal, borrow, or barterbeg
85%
Our ___ saw his future drip, dripping down the drainman
85%
In ___ ____ you can be a new manNew York
85%
Scammin' for every ____ he can get his hands onbook
83%
Get your _________, don't forget from whence you cameeducation
83%
Left him with nothin' but ruined _____, something new insidepride
83%
Started workin', clerkin' for his late mother's ________landlord
81%
And he wrote his first _____, a testament to his painrefrain
81%
Two years later, see Alex and his mother ___-______bed ridden
76%
Then a hurricane came, and _________ reigneddevastation
76%
The _____ will never be the same, ohworld
76%
A voice saying, "Alex, you gotta ____ for yourself"fend
74%
Half-dead sittin' in their own ____, the scent thicksick
74%
You could never back down you never learned to take your ____time
72%
We, ______ with himfought
69%
Me, I _____ himloved
69%
Me, I ____ for himdied
67%
There's a million things I haven't ____done
67%
And me, I'm the damn ____ that shot him (shot him, shot him)fool
67%
See if you can spot him (____ ___ ____)just you wait
65%
But ____ ___ ____just you wait
65%
Another immigrant comin' up from the bottom (____ ___ ____)just you wait
65%
And every day while slaves were being _________ and carted awayslaughtered
65%
There would have been nothin' left to do for someone less _____astute
63%
He woulda been dead or ______ without a cent of restitutiondestitute
63%
The ship is in the _______ nowharbor
63%
What's your ____, man?name
63%
In the Caribbean by _________ impoverishedprovidence
61%
Tradin' sugar cane and ___ and all the things he can't affordrum
61%
When he was ten his father split, full of it, ___-riddendebt
59%
Plannin' for the future see him now as he _____ onstands
57%
Me, I _______ himtrusted
57%
Across the ____, he struggled and kept his guard upwaves
57%
We are waiting in the ____ for youwings
57%
When America sings for you Will they know what you _________?overcame
56%
His enemies destroyed his ___ America forgot himrep
46%
Will they know you _______ your game?rewrote
44%
He started retreatin' and readin' every _____ on the shelftreatise
35%

Score Distribution

Percentile by Number Answered

Percent of People with Each Score

Your Score History

You have not taken this quiz since the last reset